Managing reality (Record no. 116168)

MARC details
000 -LEADER
fixed length control field 00879cam a22002415a 4500
001 - CONTROL NUMBER
control field L159944
008 - FIXED-LENGTH DATA ELEMENTS--GENERAL INFORMATION
fixed length control field 180411s2018 xxk f 001 0 eng d
020 ## - INTERNATIONAL STANDARD BOOK NUMBER
International Standard Book Number 9780727761903
035 ## - SYSTEM CONTROL NUMBER
System control number (Sirsi) u159944
041 0# - LANGUAGE CODE
Language code of text/sound track or separate title eng
050 04 - LIBRARY OF CONGRESS CALL NUMBER
Classification number 692.8
100 1# - MAIN ENTRY--PERSONAL NAME
Personal name Mitchell, Bronwyn
245 00 - TITLE STATEMENT
Title Managing reality
Remainder of title book 5
-- managing procedures
250 ## - EDITION STATEMENT
Edition statement 3 ed
260 ## - PUBLICATION, DISTRIBUTION, ETC.
Place of publication, distribution, etc. London
Name of publisher, distributor, etc. ICE Publishing
Date of publication, distribution, etc. 2018
300 ## - PHYSICAL DESCRIPTION
Extent xvii, 71p.
Dimensions 30cm.
520 ## - SUMMARY, ETC.
Summary, etc. Fifth of a five part volume on managing the ECC contract brings together all aspects discussed in previous volumes. It gives step by step guidance on how to apply the most commonly used procedures, detailing the actions need by all parties to comply with the contract.
520 ## - SUMMARY, ETC.
Summary, etc. Supersedes 2 ed 9780727757265
651 #4 - SUBJECT ADDED ENTRY--GEOGRAPHIC NAME
Geographic name United Kingdom
Chronological subdivision
690 ## - LOCAL SUBJECT ADDED ENTRY--TOPICAL TERM (OCLC, RLIN)
Topical term or geographic name as entry element Contracts
9 (RLIN) 6232
700 1# - ADDED ENTRY--PERSONAL NAME
Personal name Trebes, Barry
942 ## - ADDED ENTRY ELEMENTS (KOHA)
Suppress in OPAC 0
Source of classification or shelving scheme Dewey Decimal Classification
Holdings
Withdrawn status Lost status Source of classification or shelving scheme Damaged status Not for loan Home library Current library Shelving location Date acquired Total Checkouts Full call number Barcode Date last seen Copy number Price effective from Koha item type
    Dewey Decimal Classification     London London Folio 11/04/2018   F692.8 MIT 30078960 06/08/2019 1 06/08/2019 Book